[Event "Montreal Mercredi 03"]
[Site "Montreal CAN"]
[Date "2017.04.26"]
[Round "5"]
[White "Huang, Qiuyu"]
[Black "Beaulieu, Eric"]
[Result "1/2-1/2"]
[WhiteElo "2225"]
[BlackElo "2304"]
[WhiteFideId "-1"]
[WhiteFideId "-1"]
[PlyCount "84"]
[GameId "2160767908477991"]
[EventDate "2017.03.29"]
[EventType "swiss"]
[EventRounds "5"]
[EventCountry "CAN"]
[SourceTitle "EXT 2022"]
[Source "ChessBase"]
[SourceDate "2021.10.06"]
[SourceVersion "1"]
[SourceVersionDate "2021.10.06"]
[SourceQuality "1"]

1. e4 c5 2. Nf3 e6 3. d4 cxd4 4. Nxd4 Bc5 5. Nb3 Be7 6. Bd3 d6 7. c4 Nf6 8. Nc3 Nbd7 9. O-O b6 10. a4 Bb7 11. f4 O-O 12. Be3 Qc7 13. Qe2 Rfe8 14. a5 Nc5 15. Nb5 Qb8 16. Bxc5 bxc5 17. e5 dxe5 18. fxe5 Nd7 19. a6 Bc6 20. Na5 Bxb5 21. Bxh7+ Kf8 22. Qh5 Nxe5 23. cxb5 f5 24. Nc6 Nxc6 25. Bg6 Bf6 26. Bxe8 Qxe8 27. Qxe8+ Rxe8 28. bxc6 Rc8 29. Rfd1 Bxb2 30. Rab1 Bd4+ 31. Kf1 e5 32. Rdc1 Rxc6 33. Rb8+ Ke7 34. Rb7+ Kd6 35. Rxa7 Kd5 36. Rd7+ Ke4 37. a7 Ra6 38. Rxg7 Be3 39. Rd1 c4 40. Rc7 Bxa7 41. Rxc4+ Bd4 42. Rc2 f4 1/2-1/2

[Event "Montreal Mercredi 03"]
[Site "Montreal CAN"]
[Date "2017.04.26"]
[Round "5"]
[White "Jacquet, Stephane"]
[Black "Cloutier, Mathieu"]
[Result "0-1"]
[WhiteElo "2065"]
[BlackElo "2178"]
[WhiteFideId "-1"]
[WhiteFideId "-1"]
[PlyCount "78"]
[GameId "2160767908477992"]
[EventDate "2017.03.29"]
[EventType "swiss"]
[EventRounds "5"]
[EventCountry "CAN"]
[SourceTitle "EXT 2022"]
[Source "ChessBase"]
[SourceDate "2021.10.06"]
[SourceVersion "1"]
[SourceVersionDate "2021.10.06"]
[SourceQuality "1"]

1. d4 Nf6 2. c4 c5 3. d5 e6 4. Nc3 exd5 5. cxd5 d6 6. e4 g6 7. Nf3 Bg7 8. Be2 O-O 9. O-O a6 10. a4 Bg4 11. Nd2 Bxe2 12. Qxe2 Nbd7 13. Nc4 Nb6 14. Be3 Nxc4 15. Qxc4 Ng4 16. Bf4 Ne5 17. Bxe5 Bxe5 18. Ne2 Rb8 19. Qc2 b5 20. f4 Bg7 21. axb5 axb5 22. Ra6 Rb6 23. Rxb6 Qxb6 24. Kh1 Ra8 25. f5 Qd8 26. Nc3 b4 27. fxg6 bxc3 28. gxf7+ Kf8 29. e5 Bxe5 30. Qxh7 Qf6 31. Qg8+ Ke7 32. Re1 Rf8 33. Ra1 Qh8 34. Qg5+ Kd7 35. Qf5+ Kc7 36. g3 cxb2 37. Ra6 Qf6 38. Rc6+ Kb8 39. Rb6+ Ka8 0-1

[Event "Montreal Mercredi 03"]
[Site "Montreal CAN"]
[Date "2017.04.26"]
[Round "5"]
[White "Jean, Robert"]
[Black "Have, Didier"]
[Result "0-1"]
[WhiteElo "1815"]
[BlackElo "1967"]
[WhiteFideId "-1"]
[WhiteFideId "-1"]
[PlyCount "60"]
[GameId "2160767908477993"]
[EventDate "2017.03.29"]
[EventType "swiss"]
[EventRounds "5"]
[EventCountry "CAN"]
[SourceTitle "EXT 2022"]
[Source "ChessBase"]
[SourceDate "2021.10.06"]
[SourceVersion "1"]
[SourceVersionDate "2021.10.06"]
[SourceQuality "1"]

1. d4 d6 2. e4 Nf6 3. Nc3 Nbd7 4. f4 e5 5. dxe5 dxe5 6. f5 Bc5 7. Bg5 c6 8. Bxf6 gxf6 9. a3 Qb6 10. Nh3 Qxb2 11. Na4 Qd4 12. Qxd4 Bxd4 13. c3 Be3 14. Ke2 Bh6 15. Kf3 Bf8 16. Nf2 Nc5 17. Nxc5 Bxc5 18. Nd3 Be7 19. a4 Bd7 20. Be2 O-O 21. g4 a5 22. c4 b5 23. cxb5 cxb5 24. axb5 Bxb5 25. Nb2 Bxe2+ 26. Kxe2 Rfc8 27. Kd3 Rab8 28. Na4 Rb3+ 29. Ke2 Rc4 30. h3 Rbb4 0-1

[Event "Montreal Mercredi 03"]
[Site "Montreal CAN"]
[Date "2017.04.26"]
[Round "5"]
[White "Lopez Linares, Lizandro"]
[Black "Ouellet, Maili-Jade"]
[Result "0-1"]
[WhiteElo "2192"]
[BlackElo "2229"]
[WhiteFideId "-1"]
[WhiteFideId "-1"]
[PlyCount "108"]
[GameId "2160767908477994"]
[EventDate "2017.03.29"]
[EventType "swiss"]
[EventRounds "5"]
[EventCountry "CAN"]
[SourceTitle "EXT 2022"]
[Source "ChessBase"]
[SourceDate "2021.10.06"]
[SourceVersion "1"]
[SourceVersionDate "2021.10.06"]
[SourceQuality "1"]

1. d4 d5 2. Nf3 Nf6 3. c4 e6 4. Nc3 Be7 5. Bg5 O-O 6. e3 Nbd7 7. Rc1 a6 8. cxd5 exd5 9. Bd3 Re8 10. Qc2 Nf8 11. O-O c6 12. Bxf6 Bxf6 13. b4 Qd6 14. Na4 Qxb4 15. Rb1 Qe7 16. Rfc1 g6 17. Nb6 Rb8 18. Bxa6 bxa6 19. Nxd5 cxd5 20. Rxb8 Bd7 21. Rxe8 Qxe8 22. Qc5 Qe6 23. Rb1 Bb5 24. Nd2 Be7 25. Qc7 Bd6 26. Qc2 Qd7 27. Nb3 Ne6 28. Rc1 Bc4 29. Nd2 Ba3 30. Rb1 Bb5 31. Nb3 Ng5 32. f3 Qe7 33. Kf2 h5 34. h4 Ne6 35. g3 Nc7 36. e4 dxe4 37. fxe4 Qf6+ 38. Kg2 Qd6 39. Rd1 Ne6 40. Qd2 Kg7 41. d5 Nc5 42. Qd4+ f6 43. Kh2 Nxb3 44. axb3 Bc5 45. Qd2 Bd7 46. Rc1 Qb6 47. e5 fxe5 48. Qg5 Bf5 49. Rc4 Bd6 50. Qd2 Qxb3 51. Rc6 Qa3 52. Rc3 Qa5 53. Qe3 Qxd5 54. Qa7+ Kf6 0-1

[Event "Montreal Mercredi 03"]
[Site "Montreal CAN"]
[Date "2017.04.26"]
[Round "5"]
[White "Moisan-Plante, Marc-Olivier"]
[Black "Johnson-Constantin, Mathieu"]
[Result "1-0"]
[WhiteElo "2106"]
[BlackElo "2057"]
[WhiteFideId "-1"]
[WhiteFideId "-1"]
[PlyCount "39"]
[GameId "2160767908477995"]
[EventDate "2017.03.29"]
[EventType "swiss"]
[EventRounds "5"]
[EventCountry "CAN"]
[SourceTitle "EXT 2022"]
[Source "ChessBase"]
[SourceDate "2021.10.06"]
[SourceVersion "1"]
[SourceVersionDate "2021.10.06"]
[SourceQuality "1"]

1. e4 e6 2. b3 d5 3. Bb2 dxe4 4. Nc3 Nf6 5. Qe2 Bb4 6. O-O-O Bxc3 7. dxc3 Qe7 8. g4 h6 9. Bg2 Bd7 10. h4 Bc6 11. c4 Nbd7 12. g5 hxg5 13. hxg5 Nh7 14. f4 exf3 15. Nxf3 Bxf3 16. Qxf3 c6 17. Qg3 O-O-O 18. Bxg7 Nb6 19. Bxh8 Rxh8 20. Qe5 1-0

[Event "Montreal Mercredi 03"]
[Site "Montreal CAN"]
[Date "2017.04.26"]
[Round "5"]
[White "O'Connor, Michael"]
[Black "Khudaverdian, Berj"]
[Result "1-0"]
[WhiteElo "1713"]
[BlackElo "1745"]
[WhiteFideId "-1"]
[WhiteFideId "-1"]
[PlyCount "89"]
[GameId "2160767908477996"]
[EventDate "2017.03.29"]
[EventType "swiss"]
[EventRounds "5"]
[EventCountry "CAN"]
[SourceTitle "EXT 2022"]
[Source "ChessBase"]
[SourceDate "2021.10.06"]
[SourceVersion "1"]
[SourceVersionDate "2021.10.06"]
[SourceQuality "1"]

1. d4 Nf6 2. Nf3 g6 3. c4 Bg7 4. Nc3 O-O 5. e4 d6 6. Be2 c5 7. d5 Na6 8. h3 Nc7 9. O-O h6 10. Be3 b6 11. Rb1 Kh7 12. Ne1 e5 13. f4 exf4 14. Bxf4 Ng8 15. Nf3 Re8 16. Bd3 a6 17. Qc2 Kh8 18. Qd2 f6 19. h4 Bg4 20. Bg3 Kh7 21. Qf4 Bxf3 22. Rxf3 Re5 23. Qg4 h5 24. Qh3 Re7 25. Qh2 Ne8 26. Bf4 Nh6 27. Bxh6 Bxh6 28. Rbf1 Re5 29. Ne2 Ra7 30. Nf4 Bxf4 31. Rxf4 Qe7 32. Qh3 b5 33. Qf3 b4 34. Bc2 Qd7 35. Qd1 Qe7 36. Qf3 Qd7 37. Qd1 Qe7 38. Qf3 Kh6 39. Ba4 Ng7 40. Rxf6 Rxe4 41. Rxg6+ Kxg6 42. Bc2 Kh6 43. Bxe4 Qxh4 44. Qe3+ Qg5 45. Rf6# 1-0

[Event "Montreal Mercredi 03"]
[Site "Montreal CAN"]
[Date "2017.04.26"]
[Round "5"]
[White "O'Neill, Brendon"]
[Black "Ostaci, Liviu"]
[Result "0-1"]
[WhiteElo "1752"]
[BlackElo "1691"]
[WhiteFideId "-1"]
[WhiteFideId "-1"]
[PlyCount "76"]
[GameId "2160767908477997"]
[EventDate "2017.03.29"]
[EventType "swiss"]
[EventRounds "5"]
[EventCountry "CAN"]
[SourceTitle "EXT 2022"]
[Source "ChessBase"]
[SourceDate "2021.10.06"]
[SourceVersion "1"]
[SourceVersionDate "2021.10.06"]
[SourceQuality "1"]

1. e4 c5 2. Nf3 d6 3. d4 cxd4 4. Nxd4 Nf6 5. Nc3 a6 6. f3 d5 7. e5 Nfd7 8. e6 Nf6 9. exf7+ Kxf7 10. Bd3 Nc6 11. Be3 e5 12. Nxc6 bxc6 13. Bg5 Bd6 14. Qd2 Rb8 15. O-O-O a5 16. Rhe1 h6 17. Bh4 Qb6 18. b3 Qb4 19. Bg3 Re8 20. Bf2 Qa3+ 21. Kb1 Bb4 22. Bf1 Bf5 23. g4 Bh7 24. Bd3 a4 25. Bxh7 Nxh7 26. f4 d4 27. Bxd4 exd4 28. Qxd4 Nf6 29. Qc4+ Kf8 30. Rxe8+ Rxe8 31. g5 Bxc3 32. Qxc3 Nd5 33. Qxc6 axb3 34. cxb3 Nb4 35. Qc5+ Kg8 36. Qf2 Rc8 37. g6 Qa5 38. Qe2 Qf5+ 0-1

[Event "Montreal Mercredi 03"]
[Site "Montreal CAN"]
[Date "2017.04.26"]
[Round "5"]
[White "Saha, Ananda"]
[Black "Soudre, Nicolas"]
[Result "1/2-1/2"]
[WhiteElo "2098"]
[BlackElo "2148"]
[WhiteFideId "-1"]
[WhiteFideId "-1"]
[PlyCount "63"]
[GameId "2160767908477998"]
[EventDate "2017.03.29"]
[EventType "swiss"]
[EventRounds "5"]
[EventCountry "CAN"]
[SourceTitle "EXT 2022"]
[Source "ChessBase"]
[SourceDate "2021.10.06"]
[SourceVersion "1"]
[SourceVersionDate "2021.10.06"]
[SourceQuality "1"]

1. Nf3 e6 2. g3 f5 3. Bg2 Nf6 4. d3 Be7 5. O-O O-O 6. c4 d6 7. b3 Nc6 8. Bb2 Qe8 9. Nc3 Qh5 10. d4 Nd8 11. Nd2 Bd7 12. e4 Qxd1 13. Raxd1 c5 14. dxc5 dxc5 15. exf5 exf5 16. Rfe1 Re8 17. Nd5 Nxd5 18. Bxd5+ Kf8 19. Nf3 Nc6 20. Bg8 Rad8 21. Bxh7 Kf7 22. Ne5+ Nxe5 23. Rxe5 g6 24. Rde1 Bd6 25. Rxe8 Rxe8 26. Rxe8 Bxe8 27. h4 Bd7 28. Kg2 Bf8 29. f3 Bg7 30. Bc1 Bd4 31. Bh6 Bg7 32. Bc1 1/2-1/2

[Event "Montreal Mercredi 03"]
[Site "Montreal CAN"]
[Date "2017.04.26"]
[Round "5"]
[White "Zheng, Richard"]
[Black "Baran, Marius"]
[Result "1-0"]
[WhiteElo "1870"]
[BlackElo "1776"]
[WhiteFideId "-1"]
[WhiteFideId "-1"]
[PlyCount "133"]
[GameId "2160767908478000"]
[EventDate "2017.03.29"]
[EventType "swiss"]
[EventRounds "5"]
[EventCountry "CAN"]
[SourceTitle "EXT 2022"]
[Source "ChessBase"]
[SourceDate "2021.10.06"]
[SourceVersion "1"]
[SourceVersionDate "2021.10.06"]
[SourceQuality "1"]

1. d4 d5 2. c4 e6 3. Nc3 Nf6 4. cxd5 exd5 5. Bg5 c6 6. Qc2 Be7 7. e3 Bg4 8. Bd3 Nbd7 9. f3 Bh5 10. Nge2 Bg6 11. O-O Bxd3 12. Qxd3 O-O 13. Rfe1 Re8 14. Rad1 Nh5 15. Bxe7 Qxe7 16. e4 dxe4 17. fxe4 Rad8 18. Qf3 g6 19. g4 Ng7 20. Ng3 Ne6 21. Kg2 Qb4 22. Qf2 Nb6 23. d5 cxd5 24. Nxd5 Nxd5 25. Rxd5 Rxd5 26. exd5 Nf4+ 27. Qxf4 Qxf4 28. Rxe8+ Kg7 29. Re2 Qd4 30. b3 Qxd5+ 31. Kf2 Qd4+ 32. Kf3 Qf6+ 33. Kg2 Qd6 34. Kf2 Qc5+ 35. Kf3 Qd5+ 36. Kf2 Kh6 37. h4 Kg7 38. Ne4 f5 39. gxf5 Qxf5+ 40. Kg3 Qe5+ 41. Kh3 Qf5+ 42. Kg3 h5 43. Nf2 Qd7 44. Kg2 Qd5+ 45. Kg3 Qd6+ 46. Kg2 b5 47. Re4 Qd5 48. Kf3 a5 49. Ke3 Qc5+ 50. Kf3 Qc2 51. Re2 Qf5+ 52. Kg3 g5 53. hxg5 Qxg5+ 54. Kh2 Qf4+ 55. Kg1 a4 56. bxa4 bxa4 57. Nh3 Qd4+ 58. Rf2 a3 59. Nf4 Kh6 60. Nh3 Qe3 61. Kh2 h4 62. Rg2 Qe5+ 63. Kh1 Qc3 64. Kh2 Qb2 65. Kh1 Qa1+ 66. Kh2 Qe5+ 67. Kh1 1-0

[Event "Montreal Mercredi 04"]
[Site "Montreal CAN"]
[Date "2017.01.04"]
[Round "1"]
[White "Autotte, Daniel"]
[Black "Khudaverdian, Berj"]
[Result "0-1"]
[WhiteElo "1785"]
[BlackElo "1675"]
[WhiteFideId "-1"]
[WhiteFideId "-1"]
[PlyCount "124"]
[GameId "2160767908475080"]
[EventDate "2017.01.04"]
[EventType "swiss"]
[EventRounds "5"]
[EventCountry "CAN"]
[SourceTitle "EXT 2022"]
[Source "ChessBase"]
[SourceDate "2021.10.06"]
[SourceVersion "1"]
[SourceVersionDate "2021.10.06"]
[SourceQuality "1"]

1. d4 Nf6 2. Bf4 d6 3. e3 g6 4. Nf3 Bg7 5. h3 O-O 6. Be2 Nbd7 7. Bh2 Ne4 8. Nfd2 d5 9. Nxe4 dxe4 10. O-O c5 11. c3 Qb6 12. Qb3 Qxb3 13. axb3 a6 14. Nd2 cxd4 15. exd4 f5 16. Nc4 b5 17. Na5 Nb6 18. Rfd1 Be6 19. c4 bxc4 20. bxc4 f4 21. c5 Nd5 22. Nc6 Rfc8 23. Nxe7+ Nxe7 24. Bxf4 Nd5 25. Bd6 Nb4 26. Ra4 a5 27. Bg4 Bxg4 28. hxg4 Nd3 29. Rd2 Bf8 30. Bg3 Ra7 31. Re2 Re8 32. Ra3 a4 33. f3 Nxc5 34. Rae3 Nb3 35. Rxe4 Rxe4 36. Rxe4 Bg7 37. Be5 Bxe5 38. dxe5 Kf7 39. f4 Ke6 40. Kf2 Nc5 41. Rd4 Rb7 42. Rd6+ Ke7 43. Rc6 Rxb2+ 44. Kf3 Rb3+ 45. Ke2 Ne6 46. Rc4 a3 47. Ra4 Rb2+ 48. Kf3 a2 49. Ra7+ Ke8 50. Ke4 Rxg2 51. f5 Rxg4+ 52. Kd5 Nf4+ 53. Kd6 gxf5 54. Rxa2 Rg6+ 55. Kc5 Re6 56. Kd4 Ng6 57. Ra8+ Kf7 58. Ra7+ Re7 59. Ra5 Nxe5 60. Rxe5 Rxe5 61. Kxe5 Kg6 62. Kf4 h5 0-1

[Event "Montreal Mercredi 04"]
[Site "Montreal CAN"]
[Date "2017.01.04"]
[Round "1"]
[White "Baran, Marius"]
[Black "Lessard, Sylvain"]
[Result "1-0"]
[WhiteElo "1779"]
[BlackElo "1709"]
[WhiteFideId "-1"]
[WhiteFideId "-1"]
[PlyCount "129"]
[GameId "2160767908475081"]
[EventDate "2017.01.04"]
[EventType "swiss"]
[EventRounds "5"]
[EventCountry "CAN"]
[SourceTitle "EXT 2022"]
[Source "ChessBase"]
[SourceDate "2021.10.06"]
[SourceVersion "1"]
[SourceVersionDate "2021.10.06"]
[SourceQuality "1"]

1. e4 Nf6 2. e5 Nd5 3. d4 d6 4. c4 Nb6 5. exd6 exd6 6. Be2 Be7 7. Nf3 Bf6 8. O-O O-O 9. h3 Nc6 10. Be3 Re8 11. Nc3 Bf5 12. Re1 d5 13. b3 Qd7 14. c5 Nc8 15. Kh2 Bg6 16. Bd3 N8e7 17. Bxg6 Nxg6 18. a3 a5 19. Qd3 Nge7 20. g4 Ng6 21. Nb5 Nh4 22. Nxh4 Bxh4 23. Kg2 Re7 24. Re2 Rae8 25. Rae1 Bf6 26. g5 Be5 27. f4 f6 28. dxe5 fxe5 29. Bf2 d4 30. Re4 Qf5 31. Qf3 exf4 32. Rxf4 Qxg5+ 33. Rg4 Qxc5 34. Rxe7 Rxe7 35. Nxd4 Rf7 36. Qg3 Qd5+ 37. Kg1 Ne5 38. Rg5 Nf3+ 39. Nxf3 Qxf3 40. Rxa5 Qd1+ 41. Kg2 h6 42. Ra8+ Kh7 43. Qe3 Qc2 44. Ra4 Qg6+ 45. Rg4 Qc6+ 46. Qe4+ Qxe4+ 47. Rxe4 c6 48. a4 Rd7 49. Rb4 g6 50. Kf3 Rf7+ 51. Kg3 Rd7 52. Rd4 Rf7 53. Re4 Rd7 54. Bc5 Kg8 55. b4 Kf7 56. a5 Kf6 57. Bd4+ Kf7 58. Bc5 h5 59. h4 Rd3+ 60. Re3 Rd7 61. Kf4 Kg7 62. Re7+ Rxe7 63. Bxe7 Kf7 64. Bd8 Kg7 65. Kg5 1-0

[Event "Montreal Mercredi 04"]
[Site "Montreal CAN"]
[Date "2017.01.04"]
[Round "1"]
[White "Boudreau, Daniel"]
[Black "Cloutier, Mathieu"]
[Result "0-1"]
[WhiteElo "2177"]
[BlackElo "2036"]
[WhiteFideId "-1"]
[WhiteFideId "-1"]
[PlyCount "68"]
[GameId "2160767908475082"]
[EventDate "2017.01.04"]
[EventType "swiss"]
[EventRounds "5"]
[EventCountry "CAN"]
[SourceTitle "EXT 2022"]
[Source "ChessBase"]
[SourceDate "2021.10.06"]
[SourceVersion "1"]
[SourceVersionDate "2021.10.06"]
[SourceQuality "1"]

1. e4 c5 2. Nc3 Nc6 3. g3 d6 4. Bg2 Nf6 5. d3 g6 6. h3 Bg7 7. Be3 O-O 8. Qd2 Rb8 9. Nge2 b5 10. Bh6 b4 11. Nd5 Nxd5 12. exd5 Bxb2 13. Rd1 Nd4 14. Bxf8 Qxf8 15. Kf1 Nxe2 16. Qxe2 Ba6 17. Kg1 Bf6 18. h4 h5 19. g4 hxg4 20. Qxg4 Bc8 21. Qg3 Qg7 22. Be4 Be5 23. Qg5 Qf6 24. Qg2 Bd4 25. h5 g5 26. h6 Qf4 27. Kf1 Bg4 28. Rb1 f5 29. f3 fxe4 30. Qxg4 Qxf3+ 31. Qxf3 exf3 32. Rh5 Kh7 33. Rxg5 Kxh6 34. Rf5 Rg8 0-1

[Event "Montreal Mercredi 04"]
[Site "Montreal CAN"]
[Date "2017.01.04"]
[Round "1"]
[White "Brassard, Sylvain"]
[Black "Gates, Claude-Eric"]
[Result "1-0"]
[WhiteElo "1881"]
[BlackElo "1793"]
[WhiteFideId "-1"]
[WhiteFideId "-1"]
[PlyCount "95"]
[GameId "2160767908475083"]
[EventDate "2017.01.04"]
[EventType "swiss"]
[EventRounds "5"]
[EventCountry "CAN"]
[SourceTitle "EXT 2022"]
[Source "ChessBase"]
[SourceDate "2021.10.06"]
[SourceVersion "1"]
[SourceVersionDate "2021.10.06"]
[SourceQuality "1"]

1. d4 f5 2. g3 Nf6 3. Bg2 g6 4. Nh3 Bg7 5. O-O O-O 6. c4 d6 7. Nf4 Nc6 8. Nc3 a6 9. d5 Ne5 10. b3 c6 11. Bb2 Bd7 12. dxc6 bxc6 13. Na4 Ne8 14. c5 d5 15. Nxd5 cxd5 16. Qxd5+ e6 17. Qxa8 Qa5 18. Bc3 Qb5 19. Bxe5 Bxe5 20. Rad1 Nf6 21. Qf3 Nd5 22. Rxd5 Bc6 23. Qe3 exd5 24. Qxe5 Re8 25. Bxd5+ Bxd5 26. Qxd5+ Kh8 27. e3 Qe2 28. Nb6 Qxa2 29. Nd7 Kg7 30. Qd4+ Kh6 31. b4 Re4 32. Qc3 Qe6 33. Rd1 Rc4 34. Qd2 Re4 35. Nb6 Qf6 36. Nd5 Qe5 37. c6 Rc4 38. c7 Qe6 39. Rc1 Qxd5 40. Qxd5 Rxc1+ 41. Kg2 Rxc7 42. h4 Rc2 43. e4 fxe4 44. Qxe4 Ra2 45. Qe5 Ra4 46. Qc5 Ra2 47. g4 Ra4 48. Qf8# 1-0

[Event "Montreal Mercredi 04"]
[Site "Montreal CAN"]
[Date "2017.01.04"]
[Round "1"]
[White "Huang, Qiuyu"]
[Black "Lebeau, Gilbert"]
[Result "1-0"]
[WhiteElo "2165"]
[BlackElo "2082"]
[WhiteFideId "-1"]
[WhiteFideId "-1"]
[PlyCount "57"]
[GameId "2160767908475084"]
[EventDate "2017.01.04"]
[EventType "swiss"]
[EventRounds "5"]
[EventCountry "CAN"]
[SourceTitle "EXT 2022"]
[Source "ChessBase"]
[SourceDate "2021.10.06"]
[SourceVersion "1"]
[SourceVersionDate "2021.10.06"]
[SourceQuality "1"]

1. e4 e6 2. Nf3 d5 3. e5 c5 4. b4 cxb4 5. a3 Nc6 6. axb4 Bxb4 7. c3 Be7 8. d4 Qc7 9. Bd3 f6 10. O-O fxe5 11. dxe5 Nxe5 12. Nxe5 Qxe5 13. Re1 Qf6 14. Be3 Qf7 15. Bb5+ Kf8 16. Nd2 Nf6 17. Qa4 h5 18. Nf3 Ng4 19. Bxa7 Kg8 20. h3 Nxf2 21. Kxf2 b6 22. Kg1 Bc5+ 23. Kh1 Rh6 24. Ne5 Qc7 25. Bxb6 Rxa4 26. Bxc7 Rxa1 27. Rxa1 Bb7 28. Nd7 Be3 29. Rf1 1-0

[Event "Montreal Mercredi 04"]
[Site "Montreal CAN"]
[Date "2017.01.04"]
[Round "1"]
[White "Langlois-Remillard, Alexis"]
[Black "Morin, Louis"]
[Result "1-0"]
[WhiteElo "1956"]
[BlackElo "1905"]
[WhiteFideId "-1"]
[WhiteFideId "-1"]
[PlyCount "73"]
[GameId "2160767908475085"]
[EventDate "2017.01.04"]
[EventType "swiss"]
[EventRounds "5"]
[EventCountry "CAN"]
[SourceTitle "EXT 2022"]
[Source "ChessBase"]
[SourceDate "2021.10.06"]
[SourceVersion "1"]
[SourceVersionDate "2021.10.06"]
[SourceQuality "1"]

1. b3 e5 2. Bb2 d6 3. e3 Nf6 4. Nf3 Be7 5. d4 e4 6. Nfd2 d5 7. c4 c6 8. Nc3 O-O 9. Qc2 Bg4 10. f3 exf3 11. gxf3 Bh5 12. Bd3 Na6 13. a3 Nc7 14. O-O-O Bg6 15. Bxg6 fxg6 16. Rhg1 Qd7 17. Ne2 Rae8 18. e4 Nh5 19. Rde1 Bh4 20. Ref1 Ne6 21. Rg4 g5 22. Kb1 Nef4 23. Ng3 Nxg3 24. hxg3 h5 25. Rxf4 gxf4 26. gxh4 Qh3 27. cxd5 cxd5 28. Qc5 dxe4 29. fxe4 Qxh4 30. d5 f3 31. Qd4 Re7 32. d6 Rd7 33. Rg1 Rff7 34. Nxf3 Qf6 35. Qxf6 Rxf6 36. Bxf6 Rxd6 37. Rxg7+ 1-0

[Event "Montreal Mercredi 04"]
[Site "Montreal CAN"]
[Date "2017.01.04"]
[Round "1"]
[White "Nardone, Raul"]
[Black "Dumouchel, Alain"]
[Result "0-1"]
[WhiteElo "1842"]
[BlackElo "1803"]
[WhiteFideId "-1"]
[WhiteFideId "-1"]
[PlyCount "90"]
[GameId "2160767908475086"]
[EventDate "2017.01.04"]
[EventType "swiss"]
[EventRounds "5"]
[EventCountry "CAN"]
[SourceTitle "EXT 2022"]
[Source "ChessBase"]
[SourceDate "2021.10.06"]
[SourceVersion "1"]
[SourceVersionDate "2021.10.06"]
[SourceQuality "1"]

1. d4 Nf6 2. Nf3 g6 3. Bg5 Bg7 4. e3 O-O 5. c4 d6 6. Be2 c5 7. Nc3 cxd4 8. exd4 Bg4 9. O-O Nc6 10. Qd2 Rc8 11. Rfd1 Na5 12. b3 a6 13. Rac1 Nc6 14. Bh6 Re8 15. Bxg7 Kxg7 16. h3 Bf5 17. d5 Nb8 18. Qd4 Kg8 19. Nh4 Bd7 20. Qf4 b5 21. Nf3 bxc4 22. bxc4 Qa5 23. Qh6 Bf5 24. g4 Bd7 25. Ng5 Ba4 26. Nce4 Nbd7 27. Re1 Nf8 28. Ng3 Qd2 29. Nxf7 Qxa2 30. Ra1 Qb2 31. Rxa4 Kxf7 32. Bd3 Qd4 33. Qd2 Kg8 34. g5 N6d7 35. Re4 Qa7 36. Rf4 Ne5 37. h4 Nfd7 38. h5 Rf8 39. hxg6 hxg6 40. Rxf8+ Rxf8 41. Kg2 Qd4 42. Ra3 Nc5 43. Qe3 Qxe3 44. fxe3 Nexd3 45. e4 Rf2+ 0-1

[Event "Montreal Mercredi 04"]
[Site "Montreal CAN"]
[Date "2017.01.04"]
[Round "1"]
[White "Singher, Jean-Pierre"]
[Black "Beaulieu, Pierre"]
[Result "1-0"]
[WhiteElo "2025"]
[BlackElo "1896"]
[WhiteFideId "-1"]
[WhiteFideId "-1"]
[PlyCount "76"]
[GameId "2160767908475087"]
[EventDate "2017.01.04"]
[EventType "swiss"]
[EventRounds "5"]
[EventCountry "CAN"]
[SourceTitle "EXT 2022"]
[Source "ChessBase"]
[SourceDate "2021.10.06"]
[SourceVersion "1"]
[SourceVersionDate "2021.10.06"]
[SourceQuality "1"]

1. Nf3 g6 2. c4 Bg7 3. Nc3 d6 4. g3 Nd7 5. Bg2 e6 6. O-O Ne7 7. d4 O-O 8. e4 e5 9. Bg5 h6 10. Be3 Nb6 11. b3 Bg4 12. Qd2 Bxf3 13. Bxf3 Kh7 14. Bg2 Nc6 15. d5 Ne7 16. a4 f5 17. f4 Nd7 18. Rae1 fxe4 19. Bxe4 exf4 20. Bxf4 Ne5 21. Nb5 Ng4 22. c5 Nf6 23. cxd6 Nxe4 24. dxe7 Qxe7 25. Qd3 Rae8 26. Nxc7 Rxf4 27. Nxe8 Qc5+ 28. Kg2 Rf2+ 29. Kh1 Rxf1+ 30. Rxf1 Nf2+ 31. Rxf2 Qxf2 32. Nxg7 Kxg7 33. d6 Qb6 34. Qc3+ Kf7 35. Qc7+ Ke6 36. Qg7 Kf5 37. d7 Qc6+ 38. Kg1 Qc1+ 1-0

[Event "Montreal Mercredi 04"]
[Site "Montreal CAN"]
[Date "2017.01.04"]
[Round "1"]
[White "Zheng, Richard"]
[Black "Gauthier, Luc"]
[Result "1/2-1/2"]
[WhiteElo "1766"]
[BlackElo "1754"]
[WhiteFideId "-1"]
[WhiteFideId "-1"]
[PlyCount "78"]
[GameId "2160767908475088"]
[EventDate "2017.01.04"]
[EventType "swiss"]
[EventRounds "5"]
[EventCountry "CAN"]
[SourceTitle "EXT 2022"]
[Source "ChessBase"]
[SourceDate "2021.10.06"]
[SourceVersion "1"]
[SourceVersionDate "2021.10.06"]
[SourceQuality "1"]

1. e4 Nf6 2. Nc3 d5 3. e5 d4 4. exf6 dxc3 5. bxc3 exf6 6. d4 Bd6 7. Bd3 Nc6 8. Nf3 Qe7+ 9. Qe2 Bg4 10. O-O Qxe2 11. Bxe2 O-O 12. h3 Bf5 13. Bd3 Ne7 14. Re1 Rfe8 15. Bd2 Bxd3 16. cxd3 Ng6 17. g3 c5 18. dxc5 Bxc5 19. d4 Bd6 20. Kf1 Kf8 21. Rxe8+ Rxe8 22. Re1 Rxe1+ 23. Nxe1 Ke7 24. Ke2 Ke6 25. Kd3 f5 26. f4 h5 27. h4 Nf8 28. Nc2 Nd7 29. Ne3 g6 30. Nc4 Nf6 31. Nxd6 Kxd6 32. a3 b5 33. c4 bxc4+ 34. Kxc4 Kc6 35. Be1 Nd5 36. Bb4 Ne3+ 37. Kd3 Nd5 38. Kc4 Ne3+ 39. Kd3 Nd5 1/2-1/2

[Event "Montreal Mercredi 04"]
[Site "Montreal CAN"]
[Date "2017.01.27"]
[Round "1"]
[White "Cardin, Guillaume"]
[Black "Have, Didier"]
[Result "0-1"]
[WhiteElo "2034"]
[BlackElo "1964"]
[WhiteFideId "-1"]
[WhiteFideId "-1"]
[PlyCount "68"]
[GameId "2160767908475089"]
[EventDate "2017.01.04"]
[EventType "swiss"]
[EventRounds "5"]
[EventCountry "CAN"]
[SourceTitle "EXT 2022"]
[Source "ChessBase"]
[SourceDate "2021.10.06"]
[SourceVersion "1"]
[SourceVersionDate "2021.10.06"]
[SourceQuality "1"]

1. d4 Nf6 2. c4 g6 3. Nc3 Bg7 4. e4 d6 5. Nf3 O-O 6. Be2 e5 7. O-O Nc6 8. d5 Ne7 9. Ne1 Nd7 10. Be3 f5 11. f3 f4 12. Bf2 g5 13. Rc1 Rf6 14. Nd3 Rh6 15. c5 Qe8 16. g4 fxg3 17. Bxg3 Nf6 18. Nxe5 dxe5 19. Bxe5 Nexd5 20. Qd4 Nxc3 21. Qxc3 Nh5 22. Bxg7 Nxg7 23. Qb3+ Kh8 24. Rfd1 Rb8 25. Rc2 Be6 26. Qa3 Qh5 27. Bf1 g4 28. Qxa7 Rg8 29. Qxb7 gxf3 30. Kh1 f2 31. Rxf2 Qxd1 32. Qxc7 Bc4 33. Qf4 Rg6 34. b4 Rg1+ 0-1